000
00269nam a22001097a 4500
008
240710b |||||||| |||| 00| 0 eng d
100
_a
Gubakhshani, Holchand
_9
16802
245
_a
Noorjahan
260
_a
Bombay:
_b
Lok Sewa Mandal;
_c
1965.
300
_a
182p.
942
_c
BK
999
_c
39928
_d
39928